000 01339nam a2200349 a 4500
001 000018008
003 OSt
005 20260303133933.0
008 100409s2009 dr ac 000 0 spa d
020 _a9789945424478
040 _aDO-SdBNP
_bspa
_cBNPHU
082 _aRD863.44
_bP349a
_222
100 1 _aPeña, Dennis,
_d1953-
_939050
245 1 0 _a¡Ay, mi mai! :
_bvivencias anecdóticas culturales /
_cDennis Peña.
260 _aSanto Domingo :
_bASODOLIBRO,
_c2009
300 _a158 p. :
_bil., retrs. ;
_c21 cm.
490 1 _aAfiliado
_vv. 6
500 _aIncluye datos biográficos del autor en las solapas
500 _aContiene anexos
500 _aEdición especial para la XII Feria Internacional del Libro, dedicada a Brasil y a Juan Bosch y Gaviño, en honor al centenario de su nacimiento
590 _aInventariado,2020/VM
650 4 _aAnécdotas dominicanas
_928799
650 0 _aHumorismo dominicano
_9275
650 0 _aLiteratura dominicana.
_967
650 4 _aVida cotidiana
_vAnécdotas, chistes, sátiras, etc.
_x
_977480
650 4 _aFilosofía de la vida cotidiana.
_977481
651 4 _aRepública Dominicana
_xVida social y costumbres
_9405
710 2 _aAsociación Dominicana de Librero y Afines Incorporada
_977482
830 0 _aAfiliado
_nno. 6
_939051
910 _aVMateo
942 _2ddc
_cLBS1
999 _c17530
_d17530